On This Day: December 26th Quiz Stats

Quiz Updated Dec 26, 2017

Challenge
Share
Tweet
Embed
Score 0/7 Timer 03:00
4 Plays Today
Question Answer Wrong Answers
The first ______ is celebrated by Dr. Maulana Karenga, the chair of Black Studies at California State University, Long Beach.
1966
Kwanzaa
88.1%
Festivus
3.8%
Diwali
3.1%
Boxing Day
4%
Marie and Pierre Curie announce the isolation of ______.
1898
Radium
85.6%
Plutonium
12.3%
Germanium
1.3%
Scandium
0.5%
Babe Ruth of the Boston Red Sox is sold to the New York Yankees by owner Harry Frazee, allegedly establishing this.
1919
The Curse of the Bambino
84%
The Sultan of Swat Superstition
5.3%
The Colossus of Clout Curse
1.1%
The Hex of Ruth
8.9%
The Beatles release this song in the United States, which later becomes their first #1 hit on the US Hot 100.
1963
I Want to Hold Your Hand
84%
Hey Jude
10.1%
Here Comes the Sun
2.5%
Penny Lane
2.7%
This 'Suicide Squad' actor and front man for the band Thirty Seconds to Mars is born.
1971
Jared Leto
69.6%
Ryan Gosling
9.3%
Jake Gyllenhaal
9.4%
Tom Hardy
10.5%
Advocates of liberalism in Russia rise up against this Czar, but are suppressed in the Decembrist revolt in Saint Petersburg.
1825
Nicholas I
58.9%
Alexander I
23%
Paul I
1.8%
Peter III
16.3%
Gilbert and Sullivan debut this opera, which is their first collaboration.
1871
Thespis
23.8%
Ruddigore
23.5%
The Sorcerer
32.6%
Trial by Jury
19.9%

Today's Daily Dose

You're not logged in!

Compare scores with friends on all Sporcle quizzes.
Sign Up with Email
OR
Log In

You Might Also Like...

Show Comments

Extras

Top Quizzes Today


Score Distribution

Your Account Isn't Verified!

In order to create a playlist on Sporcle, you need to verify the email address you used during registration. Go to your Sporcle Settings to finish the process.